| Поле | Инд. | ПП | Название | Значение |
|---|---|---|---|---|
| Тип записи | a | |||
| Библиографический уровень | m | |||
| 001 | Контрольный номер | d2726f6b-10df-444d-ad43-597c32cf83f4 | ||
| 005 | Дата корректировки | 20220812104924.0 | ||
| 008 | Кодируемые данные | 040225 | ||
| 040 | a | Служба первич. каталог. | НБ ТвГУ | |
| 041 | 0_ | a | Код языка текста | rus |
| 080 | a | Индекс УДК | 17.023.361 | |
| 084 | a | Индекс другой классификации/Индекс ББК | Ю717.5 | |
| 090 | x | Авторский знак | М 56 | |
| a | Полочн. индекс | 1М5.29 | ||
| 100 | 1_ | a | Автор | Мещеряков Владимир Терентьевич |
| e | Роль лиц | Автор | ||
| 245 | 00 | a | Заглавие | Гармония и гармоническое развитие |
| c | Ответственность | В. Т. Мещеряков ; АН СССР, Ленинградская кафедра философии | ||
| 260 | 0_ | a | Место издания | Ленинград |
| b | Издательство | Наука | ||
| c | Дата издания | 1976 | ||
| 300 | a | Объем | 119 с. | |
| 653 | 0_ | a | Ключевые слова | Гармония (эстет.) |
| a | Ключевые слова | Личность | ||
| a | Ключевые слова | Мораль | ||
| a | Ключевые слова | Гармоническое развитие личности | ||
| a | Ключевые слова | Всестороннее развитие личности | ||
| a | Ключевые слова | Этика | ||
| a | Ключевые слова | Нравственное воспитание | ||
| a | Ключевые слова | Эстетическое воспитание | ||
| 852 | 41 | i | Расстановочный признак | Проверка 2022 |
| 901 | t | Тип документа | m | |
| 920 | a | Оператор | Семен | |
| a | Оператор | Суха | ||
| 930 | a | Новая/Ретро | ретро | |
| 952 | c | Вид литературы | К рн | |
| 954 | a | Дата поступления на обработку | 20041018 | |
| e | Дата перешифровки | 20220330 | ||
| 954 | a | Дата поступления на обработку | 20220812 |